00552nam a22001577a 4500003000900000005001700009008004100026040003300067082001700100245008900117260004300206300002600249504005300275600004400328700002200372BDDh-ASL20231015025715.0200929s1963 enkca||| |||| 001 0 eng d aBDDh-ASLcBDDh-ASLdBDDh-ASL a923.254bLET10aLetters of the right honourable V. S. Srinivasa Sastri/cedited by T. N. Jagadisan.  aLondon:bAsia Publishing House,c1963. axv, 377 p. :c23 cm.  a Includes bibliographical references and index. 10aSastri, V. S. SrinivasaxAutobiography 1 aJagadisan, T. N.